Zdaňovanie nadnárodných spoločností

Gespeichert in:
Bibliographische Detailangaben
1. Verfasser: Feranecová, Adela, 1986-
Format: Buchkapitel
Sprache:Slowakisch
Englisch
Tags: Tag hinzufügen
Keine Tags, Fügen Sie das erste Tag hinzu!

MARC

LEADER 00000nla a2200000 4500
001 0209171
005 20240502073456.1
041 0 |a slo 
041 0 |a eng 
044 |a SK 
245 1 0 |a Zdaňovanie nadnárodných spoločností  |c Adela Feranecová 
500 |a Abstrakt 
100 1 |a Feranecová, Adela, 1986-